<?xml version="1.0" encoding="UTF-8"?>
<collection xmlns:xsi="http://www.w3.org/2001/XMLSchema-instance" xsi:schemaLocation="http://www.loc.gov/MARC21/slim http://www.loc.gov/standards/marcxml/schema/MARC21slim.xsd" xmlns="http://www.loc.gov/MARC21/slim">
 <record>
  <leader>00000cmm a22000005a 4500</leader>
  <controlfield tag="001">UP-99796217611037182</controlfield>
  <controlfield tag="003">Buklod</controlfield>
  <controlfield tag="005">20131213142228.0</controlfield>
  <controlfield tag="006">aa    r     ||| u </controlfield>
  <controlfield tag="007">ta</controlfield>
  <controlfield tag="008">130208s2012    dcu        u i      eng c</controlfield>
  <datafield tag="020" ind1=" " ind2=" ">
   <subfield code="a">9780821397077 (electronic)</subfield>
  </datafield>
  <datafield tag="035" ind1=" " ind2=" ">
   <subfield code="a">(iLib)UPD-00208004461</subfield>
  </datafield>
  <datafield tag="040" ind1=" " ind2=" ">
   <subfield code="a">NLM</subfield>
   <subfield code="c">DLC</subfield>
   <subfield code="d">DECON</subfield>
  </datafield>
  <datafield tag="041" ind1=" " ind2=" ">
   <subfield code="a">eng</subfield>
  </datafield>
  <datafield tag="041" ind1="1" ind2=" ">
   <subfield code="a">eng</subfield>
   <subfield code="h">fre</subfield>
  </datafield>
  <datafield tag="084" ind1=" " ind2=" ">
   <subfield code="a">RA 407.5 C74</subfield>
   <subfield code="b">M35 2012eb</subfield>
  </datafield>
  <datafield tag="100" ind1="1" ind2=" ">
   <subfield code="a">Makinen, William Martin.</subfield>
  </datafield>
  <datafield tag="240" ind1="1" ind2="0">
   <subfield code="a">Etude sur le secteur prive de la sante en Republique du Congo.</subfield>
   <subfield code="l">English</subfield>
  </datafield>
  <datafield tag="245" ind1="1" ind2="0">
   <subfield code="a">Assessment of the private health sector in the Republic of Congo</subfield>
   <subfield code="h">[electronic resource]</subfield>
   <subfield code="c">Marty Makinen, Leo Deville, Amanda Folsom.</subfield>
  </datafield>
  <datafield tag="264" ind1=" " ind2="1">
   <subfield code="a">Washington, DC</subfield>
   <subfield code="b">World Bank</subfield>
   <subfield code="c">2012.</subfield>
  </datafield>
  <datafield tag="300" ind1=" " ind2=" ">
   <subfield code="a">1 online resource (xx, 109 p.)</subfield>
   <subfield code="b">ill.</subfield>
  </datafield>
  <datafield tag="490" ind1="1" ind2=" ">
   <subfield code="a">Investment climate in health series</subfield>
  </datafield>
  <datafield tag="506" ind1=" " ind2=" ">
   <subfield code="a">IP based access, on campus and remote access.</subfield>
   <subfield code="c">Access via UP School of Economics Library (World Bank Online Resource Center) website.</subfield>
  </datafield>
  <datafield tag="520" ind1=" " ind2=" ">
   <subfield code="a">This country assessment is part of a set of studies planned in order to provide a better understanding of how to improve the business environment in which the private sector operates in Congo and other African countries. The assessment was conducted in order to establish a baseline of information, to help with political decision-making and provide market information. The private health sector assessment in the Republic of Congo provides a diagnosis of the nature and the effectiveness of the interface between the public and private sectors, establishes a dialogue on policy with stakeholders, and makes recommendations for reform that would bolster public and private involvement. The methodology is based on a supply and demand approach to identify market, policy and institutional barriers, and options for reducing these barriers by changing policies and initiatives. The information pertaining to demand reveals how users perceive private providers and their potential. The information pertaining to supply gives a better understanding of the role that private providers play and the challenges they encounter. The institutional information shows how Congo's institutions have facilitated or hampered the private participation. The study methodology includes the following aspects: (i) presentation of the general context of the private health sector in Congo, (ii) multidimensional analysis of demand, (iii) multidimensional analysis of supply, and (iv) analysis of institutional context. Options for action presented in this report include (i) policy and governance initiatives, (ii) regulatory initiatives, (iii) incentive initiatives, and (iv) concrete measures for public-private partnerships (PPP) in the health sector.</subfield>
  </datafield>
  <datafield tag="533" ind1=" " ind2=" ">
   <subfield code="a">Electronic reproduction.</subfield>
   <subfield code="c">Washington, D.C.</subfield>
   <subfield code="c">World Bank.</subfield>
   <subfield code="n">Available via World Wide Web.</subfield>
  </datafield>
  <datafield tag="650" ind1=" " ind2="0">
   <subfield code="a">Medical care</subfield>
   <subfield code="x">Needs assessment</subfield>
   <subfield code="z">Congo (Brazzaville)</subfield>
  </datafield>
  <datafield tag="650" ind1=" " ind2="0">
   <subfield code="a">Medical care</subfield>
   <subfield code="z">Congo (Brazzaville)</subfield>
  </datafield>
  <datafield tag="650" ind1=" " ind2="0">
   <subfield code="a">Medical policy</subfield>
   <subfield code="z">Congo (Brazzaville)</subfield>
  </datafield>
  <datafield tag="650" ind1=" " ind2="0">
   <subfield code="a">Electronic books.</subfield>
  </datafield>
  <datafield tag="700" ind1="1" ind2=" ">
   <subfield code="a">Deville, Leo.</subfield>
  </datafield>
  <datafield tag="700" ind1="1" ind2=" ">
   <subfield code="a">Folsom, Amanda.</subfield>
  </datafield>
  <datafield tag="710" ind1="2" ind2=" ">
   <subfield code="a">International Finance Corporation.</subfield>
  </datafield>
  <datafield tag="710" ind1="2" ind2=" ">
   <subfield code="a">World Bank Group.</subfield>
   <subfield code="b">Investment Climate Advisory Services.</subfield>
  </datafield>
  <datafield tag="710" ind1="2" ind2=" ">
   <subfield code="a">World Bank.</subfield>
  </datafield>
  <datafield tag="776" ind1="0" ind2=" ">
   <subfield code="a">Print Version</subfield>
   <subfield code="z">9780821397053.</subfield>
  </datafield>
  <datafield tag="830" ind1=" " ind2="0">
   <subfield code="a">Investment climate in health series.</subfield>
  </datafield>
  <datafield tag="830" ind1=" " ind2="0">
   <subfield code="a">World Bank e-Library.</subfield>
  </datafield>
  <datafield tag="856" ind1="4" ind2="2">
   <subfield code="z">Available for University of the Philippines - Diliman via World Bank OKR. Click here to access</subfield>
   <subfield code="u">https://openknowledge.worldbank.org/handle/10986/11954</subfield>
  </datafield>
  <datafield tag="856" ind1="2" ind2=" ">
   <subfield code="z">(viewed 28 April 2014)</subfield>
  </datafield>
  <datafield tag="905" ind1=" " ind2=" ">
   <subfield code="a">FO</subfield>
  </datafield>
  <datafield tag="950" ind1=" " ind2=" ">
   <subfield code="a">Monograph</subfield>
  </datafield>
  <datafield tag="852" ind1="0" ind2=" ">
   <subfield code="a">UPD</subfield>
   <subfield code="b">DECON</subfield>
  </datafield>
  <datafield tag="942" ind1=" " ind2=" ">
   <subfield code="a">Electronic Resource</subfield>
  </datafield>
 </record>
</collection>
